Online
Catalog

Historia de las bibliotecas (Record no. 38111)

MARC details
000 -CABECERA
campo de control de longitud fija 01042nam a2200205 a 4500
001 - NÚMERO DE CONTROL
campo de control 000038621
003 - IDENTIFICADOR DEL NÚMERO DE CONTROL
campo de control DO-SdBNP
005 - FECHA Y HORA DE LA ÚLTIMA TRANSACCIÓN
campo de control 20240412134404.0
008 - DATOS DE LONGITUD FIJA--INFORMACIÓN GENERAL
campo de control de longitud fija 100322s2006 cu 001 0 spa d
040 ## - FUENTE DE LA CATALOGACIÓN
Centro catalogador/agencia de origen DO-SdBNP
Lengua de catalogación spa
Centro/agencia transcriptor BNPHU
082 ## - NÚMERO DE LA CLASIFICACIÓN DECIMAL DEWEY
Número de clasificación xxxx
Número de documento/Ítem xxx
245 00 - MENCIÓN DE TÍTULO
Título Historia de las bibliotecas
260 ## - PUBLICACIÓN, DISTRIBUCIÓN, ETC.
Lugar de publicación, distribución, etc. La Habana, Cuba :
Nombre del editor, distribuidor, etc. Féliz Varela,
Fecha de publicación, distribución, etc. 2006.
300 ## - DESCRIPCIÓN FÍSICA
Extensión 2 v. ;
Dimensiones 22 cm.
500 ## - NOTA GENERAL
Nota general El volumen 2 incluye índice analítico
504 ## - NOTA DE BIBLIOGRAFÍA, ETC.
Nota de bibliografía, etc. Bibliografía p: 295
Número de referencias v. 1
504 ## - NOTA DE BIBLIOGRAFÍA, ETC.
Nota de bibliografía, etc. Bibliografía p: 507
Número de referencias v. 2
505 2# - NOTA DE CONTENIDO CON FORMATO
Información miscelánea Índice:
Título El próximo Oriente --
-- Grecia --
-- La biblioteca de Alejandría --
-- Roma --
-- Bizancio --
-- El Islam --
-- La alta edad media --
-- La baja edad media --
-- Renacimiento --
-- Siglo XVI (I) --
-- Siglo XVI (II) España --
-- Siglo XVII (I) --
-- Siglo XVII (II) España --
-- Siglo XVIII (I) --
-- Siglo XVIII (II) España --
-- Siglo XIX (I) --
-- Siglo XIX (II) España --
-- Siglo XX (I) --
-- Siglo XX (II) España hasta la guerra civil --
-- Siglo XX (III) España los últimos cincuenta años --
942 ## - ELEMENTOS DE PUNTO DE ACCESO ADICIONAL (KOHA)
Fuente del sistema de clasificación o colocación Dewey Decimal Classification
Tipo de ítem Koha Libro
Holdings
Estado de retiro Estado de pérdida Restricciones de uso No para préstamo Código de colección Localización permanente Ubicación/localización actual Ubicación en estantería Fecha de adquisición Número de inventario Total de préstamos Signatura topográfica completa Código de barras Fecha visto por última vez Precio válido a partir de Tipo de ítem Koha
      Excluido de préstamo Monografías: Libros y Folletos General General En catalogación 16.04.2013 LF1   v. 1 38621-10 25.06.2020 25.06.2020 No se presta
      Excluido de préstamo Monografías: Libros y Folletos General General En catalogación 25.03.2014 LF1   v. 2 38621-20 25.06.2020 25.06.2020 No se presta

Powered by Koha